|
|
|
|
| LEADER |
00000nlm0a2200000 4500 |
| 001 |
188029 |
| 005 |
20231101224116.0 |
| 035 |
|
|
|a (RuTPU)RU\TPU\book\204105
|
| 090 |
|
|
|a 188029
|
| 100 |
|
|
|a 20101130d2010 k y0rusy50 ca
|
| 101 |
0 |
|
|a rus
|
| 102 |
|
|
|a RU
|
| 105 |
|
|
|a a dm 001zy
|
| 135 |
|
|
|a drbn ---uucaa
|
| 181 |
|
0 |
|a i
|
| 182 |
|
0 |
|a b
|
| 200 |
1 |
|
|a Применение методов множественной линейной регрессиии проекции на латентные структуры в спектрофотометрическом анализе многокомпонентных смесей (лекарственных и витаминных препаратов)
|b Электронный ресурс
|e автореферат диссертации на соискание ученой степени кандидата химических наук
|e спец. 02.00.02
|f А. С. Шелпакова
|g Омский государственный университет им. Ф. М. Достоевского (ОмГУ) ; науч. рук. И. В. Власова
|
| 203 |
|
|
|a Текст
|c электронный
|
| 210 |
|
|
|a Томск
|d 2010
|
| 215 |
|
|
|a 1 файл (559 Kb)
|
| 230 |
|
|
|a Электронные текстовые данные (1 файл : 559 Kb)
|
| 300 |
|
|
|a Заглавие с титульного экрана
|
| 300 |
|
|
|a Электронная версия печатной публикации
|
| 337 |
|
|
|a Adobe Reader
|
| 452 |
|
1 |
|0 (RuTPU)RU\TPU\book\206529
|t Применение методов множественной линейной регрессиии и проекции на латентные структуры в спектрофотометрическом анализе многокомпонентных смесей (лекарственных и витаминных препаратов)
|o автореферат диссертации на соискание ученой степени кандидата химических наук
|o спец. 02.00.02
|f А. С. Шелпакова
|g Омский государственный университет им. Ф. М. Достоевского (ОмГУ), кафедра аналитической химии ; науч. рук. И. В. Власова
|c Томск
|d 2010
|p 23 с.
|a Шелпакова, Анна Сергеевна
|
| 606 |
1 |
|
|a Спектрофотометрический анализ
|2 stltpush
|3 (RuTPU)RU\TPU\subj\55821
|9 73779
|
| 610 |
1 |
|
|a авторефераты диссертаций
|
| 610 |
1 |
|
|a электронный ресурс
|
| 610 |
1 |
|
|a многокомпонентные смеси
|
| 610 |
1 |
|
|a анализ
|
| 610 |
1 |
|
|a хемометрические алгоритмы
|
| 610 |
1 |
|
|a множественная линейная регрессия
|
| 610 |
1 |
|
|a применение
|
| 610 |
1 |
|
|a латентные структуры
|
| 610 |
1 |
|
|a проекции
|
| 610 |
1 |
|
|a реальные объекты
|
| 675 |
|
|
|a 543.422.3(04)
|v 3
|
| 686 |
|
|
|a 02.00.02
|2 oksvnk
|
| 700 |
|
1 |
|a Шелпакова
|b А. С.
|g Анна Сергеевна
|
| 702 |
|
1 |
|a Власова
|b И. В.
|g Ирина Васильевна
|4 727
|
| 712 |
0 |
2 |
|a Омский государственный университет им. Ф. М. Достоевского (ОмГУ)
|2 stltpush
|3 (RuTPU)RU\TPU\col\403
|
| 801 |
|
2 |
|a RU
|b 63413507
|c 20141205
|g RCR
|
| 856 |
4 |
|
|u http://www.lib.tpu.ru/fulltext/a/2010/77.pdf
|
| 942 |
|
|
|c CF
|